000 00456nam a22001817a 4500
003 MPLRDC
005 20220104124021.0
008 210129b ||||| |||| 00| 0 eng d
082 _a857.9 YZY-55 v.1 c.2
100 _a云中岳
245 _a八荒龙蛇. 一
_c
250 _a初版
260 _a台湾
_b皇佳出版社
_c1995
300 _b324
490 _a云中岳小说专辑: 18
650 _a武侠小说
942 _cBK
_o857.9 YZY-55 v.1 c.2
999 _c15998
_d15988